000 00661cam a22002172 4500
001 0000019116
005 20151217145911.0
008 100921s xx 000 0 eng d
020 _a0199535392 :
040 _aKABU
_cKABU
100 1 _aSprack, John.
_@0000160032
245 1 2 _aA Practical approach to criminal procedure /
_cJohn Sprack.
250 _a 12th ed.
260 _aOxford :
_bO. U. P.,
_c2008.
300 _ali, 590 p.
650 0 _aCriminal procedure
_zEngland.
_@0000160033
650 0 _aCriminal procedure
_zWales.
_@0000160034
852 1 _9p10049 KES
908 _a100921
950 _@1
999 _c3873
_d3873